Paquete de programas de computadora como ayuda didáctico/práctica para el curso IM-0423 Mecánica de fluidos
Zapisane w:
| 1. autor: | |
|---|---|
| Format: | Książka |
| Wydane: |
San José, Costa Rica
1992
|
| Hasła przedmiotowe: | |
| Etykiety: |
Dodaj etykietę
Nie ma etykietki, Dołącz pierwszą etykiete!
|
MARC
| LEADER | 00000nam a2200000Ia 4500 | ||
|---|---|---|---|
| 003 | 005516 | ||
| 005 | 20221231144321.0 | ||
| 008 | 140114s1992 cr a m 000 ||s d | ||
| 040 | |c cru CEDI | ||
| 090 | |a TFG 2646 | ||
| 100 | |a Coronado Coronado, Luis |9 12322 | ||
| 245 | |a Paquete de programas de computadora como ayuda didáctico/práctica para el curso IM-0423 Mecánica de fluidos | ||
| 260 | |c 1992 |a San José, Costa Rica | ||
| 300 | |a [272] hojas : ilustraciones ; 28 cm. | ||
| 500 | |a Practica dirigida (licenciatura en ingenieria mecanica)--Universidad de Costa Rica. Facultad de Ingeniería. Escuela de Ingenieria Mecanica | ||
| 650 | |x MECANICA DE FLUIDOS - PROGRAMAS PARA COMPUTADORA |9 12323 | ||
| 942 | |c TFG | ||
| 999 | |c 20045 |d 20045 | ||
